000 00729nam a22001937a 4500
005 20240530110858.0
008 220125n199؟ su k|||| |||| 00| 0 ara d
040 _aEG-CaGPL
_cEG-CaGPL
082 0 4 _221
_a302.327/
_bأ أ
100 0 _aاعتدال عطيوى
245 1 0 _aاطفالنا والخادمات :
_bدراسة علمية لاثرهن على تلميذة المرحلة الابتدائية /
_cاعتدال عطيوى
260 _aالرياض :
_b[ د.ن ]،
_c[199-].
300 _a118 ص. ؛
_c24 سم.
650 0 7 _2qrmak
_aالاطفال
_xتربية
650 0 7 _2qrmak
_aالاطفال
_xرعاية
651 _2qrmak
653 0 _aتربية الاطفال - تاثير الخادمات
942 _2ddc
_cBK
999 _c66082
_d66082